000
002270000a22000970004500
100
1
_a
Carter, Isabel
245
1
0
_a
Cultivo en corredores
300
_a
Vol.0, núm.70 (Mayo, 2007), Página 9
773
0
_t
Paso a Paso
942
_c
ANA
999
_c
62252
_d
62252